Teoretyczne i praktyczne uwarunkowania systemu swiadczen spolecznych

Na minha lista:
Detalhes bibliográficos
Formato: Livro
Idioma:polonês
Publicado em: Lódz Uniwersytet 1989
Edição:1. wyd.
Colecção:Acta Universitatis Lodziensis 93
Tags: Adicionar Tag
Sem tags, seja o primeiro a adicionar uma tag!

MARC

LEADER 00000nam a2200000 4500
001 c036198
005 20250630075211.9
041 0 |a pol 
044 |a PL 
245 1 0 |a Teoretyczne i praktyczne uwarunkowania systemu swiadczen spolecznych 
250 |a 1. wyd. 
264 1 |a Lódz  |b Uniwersytet  |c 1989 
300 |a 156 s. 
490 1 |a Acta Universitatis Lodziensis  |v 93 
830 0 |a Acta Universitatis Lodziensis  |v 93